Statistiques concernant Villes ayant changé de nom

Cliquez ici pour prendre le quiz!

Statistiques générales

  • Ce quiz a été pris 2 771 fois
    (448 depuis la dernière actualisation)
  • Le résultat moyen est 12 sur 20

Statistiques - réponses

Ancien NomNouveau Nom% Correct
ConstantinopleIstanbul
96%
LéningradSaint-Pétersbourg
94%
LutèceParis
93%
BombayMumbai
85%
Nouvelle-AmsterdamNew York
79%
SaïgonHô-Chi-Minh-Ville
75%
TenochtitlanMexico
74%
EdoTokyo
67%
LéopoldvilleKinshasa
64%
CalcuttaKolkata
60%
AstanaNour-Soultan
59%
StalingradVolgograd
52%
DantzigGdańsk
50%
BataviaJakarta
41%
SmyrneIzmir
40%
MadrasChennai
38%
ChristianiaOslo
38%
KönigsbergKaliningrad
36%
RaguseDubrovnik
28%
Ville-MarieMontréal
24%

Distribution des résultats

Percentile par nombre de réponses

% des personnes avec chaque résultat

Votre développement - résultats

Vous n’avez pas pris ce quiz depuis la dernière actualisation